[Event "CP-2015-P-00036"]
[Site "LSS email"]
[Date "2015.09.28"]
[Round "?"]
[White "Salazar Moran, Alejandro Fortunato"]
[Black "Jokmin, Yannick"]
[Result "1-0"]
[WhiteElo "1497"]
[BlackElo "1264"]
[PlyCount "33"]
[EventDate "2015.10.01"]
[EventType "tourn (corr)"]
[EventRounds "6"]
[EventCountry "GER"]
[SourceTitle "Corr 2022"]
[Source "ChessBase"]
[SourceDate "2021.10.24"]
[SourceVersion "1"]
[SourceVersionDate "2021.10.24"]
[SourceQuality "1"]

1. e4 e5 2. Nf3 Nc6 3. Bc4 Nf6 4. Ng5 d5 5. exd5 Na5 6. Bb5+ c6 7. dxc6 bxc6 8. Be2 h6 9. Nf3 e4 10. Ne5 Qd4 11. f4 Bc5 12. Rf1 0-0 13. c3 Qd5 14. b4 Bd6 15. bxa5 Bxe5 16. fxe5 Qxe5 17. g3 1-0

[Event "OP-2015-0-03806"]
[Site "LSS email"]
[Date "2015.09.04"]
[Round "?"]
[White "Neuhausen, Rainer"]
[Black "Jokmin, Yannick"]
[Result "0-1"]
[WhiteElo "1400"]
[BlackElo "1289"]
[PlyCount "46"]
[EventDate "2015.08.28"]
[EventType "tourn (corr)"]
[EventRounds "4"]
[EventCountry "GER"]
[SourceTitle "Corr 2022"]
[Source "ChessBase"]
[SourceDate "2021.10.24"]
[SourceVersion "1"]
[SourceVersionDate "2021.10.24"]
[SourceQuality "1"]

1. e4 e5 2. Nf3 Nc6 3. Bb5 Bc5 4. c3 Nf6 5. d3 d6 6. Bg5 Bg4 7. Nbd2 0-0 8. 0-0 Ne7 9. Bxf6 gxf6 10. Nb3 Bb6 11. d4 Ng6 12. h3 c6 13. Bd3 Be6 14. Nh2 Kh8 15. Ng4 Rg8 16. Nh6 Rg7 17. Bc2 Nf4 18. Ng4 h5 19. Ne3 Bxh3 20. Kh2 Bxg2 21. Nxg2 Rxg2+ 22. Kh1 Rg4 23. Rg1 Rh4# 0-1

[Event "OP-2015-0-03795"]
[Site "LSS email"]
[Date "2015.08.20"]
[Round "?"]
[White "Jokmin, Yannick"]
[Black "Goti, Javier"]
[Result "1-0"]
[WhiteElo "1289"]
[BlackElo "681"]
[PlyCount "31"]
[EventDate "2015.08.16"]
[EventType "tourn (corr)"]
[EventRounds "4"]
[EventCountry "GER"]
[SourceTitle "Corr 2022"]
[Source "ChessBase"]
[SourceDate "2021.10.24"]
[SourceVersion "1"]
[SourceVersionDate "2021.10.24"]
[SourceQuality "1"]

1. e4 c5 2. Nf3 Nc6 3. d4 cxd4 4. c3 dxc3 5. Nxc3 e6 6. Bc4 Bb4 7. Bf4 Bxc3+ 8. bxc3 Nge7 9. 0-0 0-0 10. Bd6 Re8 11. Ng5 Qa5 12. f4 Qxc3 13. Qh5 h6 14. Nxf7 Nd8 15. Nxh6+ gxh6 16. Qxe8+ 1-0

[Event "ZL-2015-0-01688"]
[Site "LSS email"]
[Date "2015.06.20"]
[Round "?"]
[White "Jokmin, Yannick"]
[Black "Caviglia, Maximiliano"]
[Result "0-1"]
[WhiteElo "1289"]
[BlackElo "1213"]
[PlyCount "31"]
[EventDate "2015.06.15"]
[EventType "match (corr)"]
[EventRounds "2"]
[EventCountry "GER"]
[SourceTitle "Corr 2022"]
[Source "ChessBase"]
[SourceDate "2021.10.24"]
[SourceVersion "1"]
[SourceVersionDate "2021.10.24"]
[SourceQuality "1"]

1. e4 e5 2. Nf3 Nc6 3. Bc4 Nf6 4. Ng5 d5 5. exd5 Na5 6. Bb5+ c6 7. dxc6 bxc6 8. Ba4 h6 9. Nf3 e4 10. Ne5 Qd4 11. Nxf7 Kxf7 12. Nc3 Bg4 13. f3 exf3 14. gxf3 Re8+ 15. Ne2 Bc5 16. Rf1 0-1

[Event "LSS BI-2009-P-00024"]
[Site "LSS email"]
[Date "2009.04.19"]
[Round "?"]
[White "Jokmin, Yannick"]
[Black "Roberts, Anthony"]
[Result "0-1"]
[WhiteElo "1230"]
[BlackElo "2279"]
[PlyCount "28"]
[EventDate "2009.04.20"]
[EventType "tourn (corr)"]
[EventRounds "10"]
[EventCountry "GER"]
[SourceTitle "Corr 2013"]
[Source "ChessBase"]
[SourceDate "2012.11.12"]
[SourceVersion "1"]
[SourceVersionDate "2012.11.12"]
[SourceQuality "1"]
[WhiteTeam "US of America"]
[BlackTeam "US of America"]
[WhiteTeamCountry "USA"]
[BlackTeamCountry "USA"]

1. e4 c5 2. Nf3 d6 3. d4 cxd4 4. Nxd4 Nf6 5. Nc3 a6 6. Bc4 e6 7. Bg5 Be7 8. f4 h6 9. Bxf6 Bxf6 10. Qd2 Nc6 11. Nf3 Be7 12. 0-0-0 b5 13. Bb3 0-0 14. g4 a5 0-1

[Event "LSS ZI-2009-0-00390"]
[Site "LSS email"]
[Date "2009.04.02"]
[Round "?"]
[White "Laureles, Raymundo"]
[Black "Jokmin, Yannick"]
[Result "1-0"]
[WhiteElo "1547"]
[BlackElo "1328"]
[PlyCount "57"]
[EventDate "2009.03.25"]
[EventType "match (corr)"]
[EventRounds "2"]
[EventCountry "GER"]
[SourceTitle "Corr 2011"]
[Source "ChessBase"]
[SourceDate "2010.08.31"]
[SourceVersion "1"]
[SourceVersionDate "2010.08.31"]
[SourceQuality "1"]

1. e4 c5 2. Nf3 d6 3. d4 cxd4 4. Nxd4 Nf6 5. Nc3 a6 6. Bg5 e6 7. f4 Be7 8. Qf3 Qc7 9. 0-0-0 Nc6 10. Nxc6 bxc6 11. g4 Rb8 12. e5 Nd5 13. Bxe7 Kxe7 14. Ne4 Qb6 15. exd6+ Kd7 16. b3 a5 17. f5 e5 18. Bc4 Bb7 19. f6 g6 20. Rhe1 a4 21. Ng5 axb3 22. Nxf7 b2+ 23. Kb1 Qf2 24. Nxe5+ Kxd6 25. Rxd5+ cxd5 26. Nf7+ Kc5 27. Qa3+ Kxc4 28. Nd6+ Kd4 29. Qb4# 1-0

[Event "LSS RC-2009-0-00023"]
[Site "LSS email"]
[Date "2009.03.29"]
[Round "?"]
[White "Def, Persey"]
[Black "Jokmin, Yannick"]
[Result "1-0"]
[WhiteElo "1869"]
[BlackElo "1328"]
[PlyCount "47"]
[EventDate "2009.01.21"]
[EventType "tourn (corr)"]
[EventRounds "6"]
[EventCountry "GER"]
[SourceTitle "Corr 2011"]
[Source "ChessBase"]
[SourceDate "2010.08.31"]
[SourceVersion "1"]
[SourceVersionDate "2010.08.31"]
[SourceQuality "1"]

1. d4 Nf6 2. c4 e6 3. Nf3 b6 4. e3 Bb7 5. Bd3 c5 6. 0-0 d6 7. Nc3 Be7 8. d5 exd5 9. cxd5 0-0 10. e4 Re8 11. Re1 Nbd7 12. h3 Bf8 13. Bf4 a6 14. a4 Rc8 15. Bc4 Rb8 16. Qd3 Ra8 17. Rad1 g6 18. e5 dxe5 19. Nxe5 Nxe5 20. Bxe5 Bg7 21. d6 Nd7 22. Bxg7 Kxg7 23. Nd5 Ne5 24. Qc3 1-0

[Event "LSS RC-2009-0-00023"]
[Site "LSS email"]
[Date "2009.03.25"]
[Round "?"]
[White "Jokmin, Yannick"]
[Black "Becker, Karl Heinz"]
[Result "0-1"]
[WhiteElo "1600"]
[BlackElo "1695"]
[PlyCount "28"]
[EventDate "2009.01.21"]
[EventType "tourn (corr)"]
[EventRounds "6"]
[EventCountry "GER"]
[SourceTitle "Corr 2013"]
[Source "ChessBase"]
[SourceDate "2012.11.12"]
[SourceVersion "1"]
[SourceVersionDate "2012.11.12"]
[SourceQuality "1"]

1. e4 e5 2. Nf3 Nc6 3. Bc4 Nf6 4. Ng5 d5 5. exd5 Nxd5 6. Nxf7 Kxf7 7. Qf3+ Ke6 8. Nc3 Ncb4 9. a3 Nxc2+ 10. Kd1 Nxa1 11. Bxd5+ Kd7 12. Nb5 Qf6 13. Qg4+ Kd8 14. d4 Bxg4+ 0-1

[Event "BEM-ch U16"]
[Site "Helmstedt"]
[Date "2005.10.30"]
[Round "7"]
[White "Jokmin, Yannick"]
[Black "Mueller, Bastian"]
[Result "0-1"]
[WhiteElo "1194"]
[BlackElo "1186"]
[PlyCount "40"]
[EventDate "2005.10.27"]
[EventType "swiss"]
[EventRounds "7"]
[EventCountry "GER"]
[SourceTitle "EXT 2007"]
[Source "ChessBase"]
[SourceDate "2006.11.23"]
[SourceVersion "1"]
[SourceVersionDate "2006.11.23"]
[SourceQuality "1"]

1. d4 f5 2. c4 d6 3. Nc3 Nf6 4. Bf4 g6 5. Nf3 Bg7 6. e3 0-0 7. Bd3 Nbd7 8. 0-0 Qe8 9. e4 fxe4 10. Bxe4 Nxe4 11. Nxe4 Rxf4 12. Nc3 e5 13. dxe5 dxe5 14. Qd2 Rxc4 15. Nd5 b6 16. b3 Rc5 17. b4 Rc4 18. Qd3 Rc6 19. Qe4 Bb7 20. Rac1 Rc8 0-1

[Event "BEM-ch U16"]
[Site "Helmstedt"]
[Date "2005.10.27"]
[Round "1"]
[White "Jokmin, Yannick"]
[Black "Sauer, Norwin"]
[Result "0-1"]
[WhiteElo "1194"]
[BlackElo "1754"]
[PlyCount "72"]
[EventDate "2005.10.27"]
[EventType "swiss"]
[EventRounds "7"]
[EventCountry "GER"]
[SourceTitle "EXT 2007"]
[Source "ChessBase"]
[SourceDate "2006.11.23"]
[SourceVersion "1"]
[SourceVersionDate "2006.11.23"]
[SourceQuality "1"]

1. d4 b5 2. Nf3 Bb7 3. e3 a6 4. Bd3 e6 5. 0-0 c5 6. b3 Nf6 7. Nbd2 d5 8. Bb2 c4 9. Be2 Qc7 10. c3 Bd6 11. Re1 0-0 12. Bf1 Ne4 13. g3 f5 14. Nxe4 fxe4 15. Nd2 Qf7 16. Qe2 Nd7 17. Bh3 e5 18. Rf1 exd4 19. cxd4 Nf6 20. Rac1 Bc8 21. Bxc8 Rfxc8 22. bxc4 bxc4 23. Bc3 a5 24. f3 Qg6 25. fxe4 Nxe4 26. Nxe4 Qxe4 27. Qf3 Qxf3 28. Rxf3 Bb4 29. Rf5 Rd8 30. Re5 Re8 31. Rxd5 Rxe3 32. Bxb4 axb4 33. Rxc4 Rxa2 34. Rf5 Re1+ 35. Rf1 Rxf1+ 36. Kxf1 b3 0-1